Catálogo público

Flora fanerogámica del Valle de México / (Record no. 165689)

MARC details
000 -CABECERA
campo de control de longitud fija 01153nam a2200313Ia 4500
001 - NÚMERO DE CONTROL
campo de control Z_2629
003 - IDENTIFICADOR DEL NÚMERO DE CONTROL
campo de control CHAP
008 - DATOS DE LONGITUD FIJA--INFORMACIÓN GENERAL
campo de control de longitud fija 220113s1979 xx 000 0 und d
010 ## - NÚMERO DE CONTROL DE LA BIBLIOTECA DEL CONGRESO
Número de control de LC 165689
020 ## - NÚMERO INTERNACIONAL ESTÁNDAR DEL LIBRO
Número Internacional Estándar del Libro 968-7213-02-7
040 ## - FUENTE DE LA CATALOGACIÓN
Centro/agencia transcriptor CHAP
082 ## - NÚMERO DE LA CLASIFICACIÓN DECIMAL DEWEY
Número de clasificación 590.972 F56
245 ## - MENCIÓN DE TÍTULO
Título Flora fanerogámica del Valle de México /
Mención de responsabilidad, etc. editores Jerzy Rzedowski y Graciela C. de Rzedowski
260 ## - PUBLICACIÓN, DISTRIBUCIÓN, ETC.
Lugar de publicación, distribución, etc. México :
Nombre del editor, distribuidor, etc. Instituto de Ecología. Centro Regional del Bajío, Pátzcuaro, Mich.,
Fecha de publicación, distribución, etc. 1979
300 ## - DESCRIPCIÓN FÍSICA
Extensión 3 v.
500 ## - NOTA GENERAL
Nota general La biblioteca cuenta : v. 1: Generalidades, gymnospernae, dicotyledoneae / v. 2: Dicotyledoneae / v. 3: Monocotyledoneae
503 ## - NOTA DE HISTORIA BIBLIOGRÁFICA (BK CF MU) [OBSOLETO]
Nota de historia bibliográfica v.1 ej.1: C/E, ej.2: C/E, ej.3: Donación \ v.2 ej.1: Donado porInstituto de Ecología A.C \ v.3 ej.1: Donado por Instituto de Ecología A.C.
650 ## - PUNTO DE ACCESO ADICIONAL DE MATERIA--TÉRMINO DE MATERIA
Término de materia o nombre geográfico como elemento de entrada Botánica
Subdivisión general Valle de México
9 (RLIN) 14631
650 ## - PUNTO DE ACCESO ADICIONAL DE MATERIA--TÉRMINO DE MATERIA
Término de materia o nombre geográfico como elemento de entrada Fanerógamas
9 (RLIN) 39416
650 ## - PUNTO DE ACCESO ADICIONAL DE MATERIA--TÉRMINO DE MATERIA
Término de materia o nombre geográfico como elemento de entrada Valle de México
Subdivisión general Botánica
9 (RLIN) 139627
700 ## - PUNTO DE ACCESO ADICIONAL--NOMBRE DE PERSONA
Nombre de persona Calderón de Rzedowski, Graciela, ed.
9 (RLIN) 139628
700 ## - PUNTO DE ACCESO ADICIONAL--NOMBRE DE PERSONA
Nombre de persona Rzedowski, Jerzy, ed.
9 (RLIN) 139629
901 ## - ELEMENTOS DE DATOS A LOCAL LDA (RLIN)
a 590.972 F56
902 ## - ELEMENTOS DE DATOS B LOCAL, LDB (RLIN)
a M
910 ## - DATOS DE OPCIÓN DEL USUARIO (OCLC)
Datos de opción del usuario 1979
942 ## - ELEMENTOS DE PUNTO DE ACCESO ADICIONAL (KOHA)
Tipo de ítem Koha Libro_
942 ## - ELEMENTOS DE PUNTO DE ACCESO ADICIONAL (KOHA)
Tipo de ítem Koha
Holdings
Estado de retiro Estado de pérdida Fuente del sistema de clasificación o colocación Estado dañado No para préstamo Código de colección Localización permanente Ubicación/localización actual Ubicación en estantería Fecha de adquisición Enumeración/cronología de publicación seriada Código de barras Fecha visto por última vez Número de copia Precio válido a partir de Tipo de ítem Koha Total de préstamos Fecha del último préstamo
    Dewey Decimal Classification     General Zootecnia Zootecnia   09/11/2005 Volumen: 1 z_1916 18/01/2022 1 18/01/2022 Libro    
    Dewey Decimal Classification     General Zootecnia Zootecnia   09/11/2005 Volumen: 1 z_1917 18/01/2022 2 18/01/2022 Libro    
    Dewey Decimal Classification     General Zootecnia Zootecnia   09/11/2005 Volumen: 3 z_3141 18/01/2022 1 18/01/2022 Libro    
    Dewey Decimal Classification     General Zootecnia Zootecnia   09/11/2005 Volumen: 3 z_3142 18/01/2022 2 18/01/2022 Libro    
    Dewey Decimal Classification     General Zootecnia Zootecnia   11/07/2012 Volumen: 1 z_5381 16/02/2024 3 18/01/2022 Libro 1 16/02/2024
    Dewey Decimal Classification     General Zootecnia Zootecnia   20/05/2008 Volumen: 2 z_5508 18/01/2022 1 18/01/2022 Libro